| 000 | 00594nam a2200193 a 4500 | ||
|---|---|---|---|
| 005 | 20240614063702.0 | ||
| 008 | 991125s1971 ee. 000 0 eng u | ||
| 035 | _aUPN01000019631 | ||
| 049 | _aCG | ||
| 050 | 4 | _aPE1119 B6.3 | |
| 100 | 1 |
_aBoggs, Ralph Steele, _d1901- |
|
| 245 | 1 | 0 |
_aEnglish step by step with pictures / _cby Ralph Boggs and Robert J. Dixson. -- ed. rev |
| 260 |
_aEE.UU : _bRegents, _c1971 |
||
| 300 |
_a230 p. : _bil. |
||
| 650 | 4 |
_aInglés _xEstudio y enseñanza _918 |
|
| 700 | 1 |
_aDixson, Robert James, _d1908-1963 _ecoaut. _930894 |
|
| 904 |
_aAC _b019632 |
||
| 905 | _aLibro | ||
| 999 |
_c19631 _d19631 |
||